00731nam a2200193 a 450000100060000000300090000600800410001504000280005608200210008410000560010524501000016126000300026130000370029150000350032865000360036365000190039965000620041865000570048012060CO-ViMGA141112s2004 ck r 000 u spa d aCO-ViMGAbspacCO-ViMGA04aMEVIECAR.42 I2651 aInstituto Colombiano de Normas Tecnicas - ICONTEC, 10aTesis y otros trabajos de grado : bCompendio Normas tecnicas colombianas sobre documentación aBogotá; ICONTEC, c2000 a97 p.; en diferente paginación aVersión actualizada 2002 . 14aINFORMES TECNICOS - METODOLOGIA14aNORMAS ICONTEC14aTESIS Y DISERTACIONES ACADEMICAS - COLOMBIA - METODOLOGIA14aTESIS Y DISERTACIONES ACADEMICAS - COLOMBIA - NORMAS